A munkahelyi stressz egyénre gyakorolt hatásai napjainkban

Bibliográfiai részletek
Szerző: Pátkai Nóra
További közreműködők: Farkas Dr Julianna
Dokumentumtípus: Diplomadolgozat
Kulcsszavak:stressz
stresszorok
munkahelyi stressz
kiégés
eustressz
distressz
Online Access:http://dolgozattar.uni-bge.hu/4709

MARC

LEADER 00000nta a2200000 i 4500
001 dolg4709
005 20160303124250.0
008 151215suuuu hu om 000 hun d
040 |a BGE Dolgozattár Repozitórium  |b hun 
041 |a hu 
100 1 |a Pátkai Nóra 
245 1 2 |a A munkahelyi stressz egyénre gyakorolt hatásai napjainkban  |c Pátkai Nóra  |h [elektronikus dokumentum] 
246 1 1 |a A munkahelyi stressz egyénre gyakorolt hatásai napjainkban 
695 |a stressz 
695 |a stresszorok 
695 |a munkahelyi stressz 
695 |a kiégés 
695 |a eustressz 
695 |a distressz 
700 1 |a Farkas Dr Julianna  |e ths 
856 4 0 |u http://dolgozattar.uni-bge.hu/4709/1/P%C3%A1tkai%20N%C3%B3ra_TARB97_A%20munkahelyi%20stressz%20egy%C3%A9nre%20gyakorolt%20hat%C3%A1sai%20napjainkban.pdf  |z Dokumentum-elérés